| 000 | 00769cas a22002415a 4500 | ||
|---|---|---|---|
| 008 | 070608c2001 xxkbr p 0 a0eng | ||
| 022 | _a0927-7900 | ||
| 035 | _a(Sirsi) u98754 | ||
| 041 | _aeng | ||
| 245 | 0 | 0 | _aGeomatics World |
| 260 |
_aLemmer _bGITC bv _c2001- |
||
| 362 | 0 | _aLondon: 9(6) September/October 2001- | |
| 362 | 0 | _aEdinburgh: 9(6) September/October 2001- | |
| 520 | _aSponsored by the Royal Institution of Chartered Surveyors | ||
| 554 | _aSix per year | ||
| 650 | _aHYDROGRAPHIC SURVEYING | ||
| 650 | _aLAND SURVEYING | ||
| 650 | _aMAPPING AND MEASUREMENT | ||
| 650 | _aMINING AND MINERALS | ||
| 780 | 0 | 0 |
_tSW _bJournal for Land Survey, Hydrographic Survey and Land Information Management _x0927-7900 |
| 942 | _n0 | ||
| 948 | _c03/02/1994 | ||
| 999 |
_c118510 _d118510 |
||